000 00641nam a22002177a 4500
003 UA-OsUOA
001 126279
007 ta
008 20171017b un ||||| |||| 00| 0 ukr d
100 _aКостюченко О.
090 _a908
_bК72
942 _cSA
040 _aUA-OsUOA
_bukr
_cUA-OsUOA
_dUA-OsUOA
245 _aОстрозька академія 19 жовтня святкує 441-річчя з дня заснування та 23-річчя з моменту відродження
300 _aС.4,8
955 _a0
041 _aukr
080 _a908
773 0 _w126274
650 7 _a908 Краєзнавство
_2UDC
999 _c413553
_d413553